Residents of Aminya Place - Statistics

General Stats
  • This quiz has been taken 12 times
  • The average score is 8 of 20
Answer Stats
House Resident % Correct
10 Hugh Brophey
100%
10 Connor Brophey
67%
10 Lachlan Brophey
67%
10 Nina Brophey
67%
12 Courtney Brandt
33%
7 Esther Tobin
33%
7 Grace Olival
33%
12 Jack Brandt
33%
7 Jimmy Tobin
33%
9 Kathy Brown
33%
12 Kerrie Brandt
33%
10 Matthew Brophey
33%
7 Mia Olival
33%
7 Peter Tobin
33%
9 Philip Shafer
33%
7 Sam Olival
33%
7 Sam Tobin
33%
9 Tristen Shafer
33%
7 Vilma Tobin
33%
12 Violette Brandt
33%
No matching quizzes found
Score Distribution
Percent of People with Each Score
Percentile by Number Answered
Your Score History
You have not taken this quiz